000 00719nam a2200181Ia 4500
008 151202s9999||||xx |||||||||||||| ||und||
082 _bPNVM-48899
100 _aफडणीस शंकुतला.
245 _aपत्राचा प्रवास आणि इतर कथा.
260 _b"मेहता पब्लिशिंग हाऊस, पुणे."
260 _c2006
300 _a30
600 _aफडणीस शंकुतला.
630 _aपत्राचा प्रवास आणि इतर कथा.
700 _aफडणीस शंकुतला.
730 _aपत्राचा प्रवास आणि इतर कथा.
942 _cBOOK
999 _c1314836
_d1314833